O lidech, medicíně a dění kolem nás /

Hlavní autor: Svačina, Štěpán, 1952-
Další autoři: Meister, Karel, 1943-
Jazyk: Čeština
Vydáno: Praha : Axonite, 2016
Vydání: První vydání
Edice: Postřehy
Témata:
Fyzický popis: 151 stran : barevné ilustrace, portréty ; 20 cm
Knihy
Uloženo v:
LEADER 01721nam a2200517 i 4500
001 nkc20162863355
003 CZ PrNK
005 20170127142815.0
007 ta
008 161213s2016 xr ac e 000 j cze
015 |a cnb002863355 
020 |a 978-80-88046-11-0  |q (brožováno) 
035 |a (OCoLC)972638030 
040 |a BOA001  |b cze  |d ABA001  |e rda 
072 7 |a 61  |x Lékařské vědy. Lékařství  |2 Konspekt  |9 14 
080 |a 61  |2 MRF 
080 |a 614.2  |2 MRF 
080 |a 614  |2 MRF 
080 |a 614.253  |2 MRF 
080 |a (0:82-4)  |2 MRF 
100 1 |a Svačina, Štěpán,  |d 1952-  |7 jn20000402316  |4 aut 
245 1 0 |a O lidech, medicíně a dění kolem nás /  |c Štěpán Svačina ; fotografie Karel Meister 
250 |a První vydání 
264 1 |a Praha :  |b Axonite,  |c 2016 
300 |a 151 stran :  |b barevné ilustrace, portréty ;  |c 20 cm 
336 |a text  |b txt  |2 rdacontent 
337 |a bez média  |b n  |2 rdamedia 
338 |a svazek  |b nc  |2 rdacarrier 
490 1 |a Postřehy 
650 0 7 |a lékařství  |7 ph115195  |2 czenas 
650 0 7 |a zdravotnictví  |7 ph127574  |2 czenas 
650 0 7 |a zdravotní politika  |7 ph127579  |2 czenas 
650 0 7 |a lékař a pacient  |7 ph122494  |2 czenas 
650 0 9 |a medicine  |2 eczenas 
650 0 9 |a health service  |2 eczenas 
650 0 9 |a health policy  |2 eczenas 
650 0 9 |a physician and patient  |2 eczenas 
655 7 |a fejetony  |7 fd132252  |2 czenas 
655 9 |a feuilletons  |2 eczenas 
700 1 |a Meister, Karel,  |d 1943-  |7 jo20010092726  |4 pht 
830 0 |a Postřehy  |0 s 
910 2 |a BOA001  |b 2-1380.150 
990 |a BK 
995 |a 01 
991 |b 201701  |c NOV 
996 6 |b 2610691010  |c 2-1380.150  |l MZK  |r Sklad / do 1 hodiny  |n 0  |p p.v.  |w 001593209  |u 000010  |a 1  |e BOA001  |j MZK50  |s P